Príprava atramentov pre biotlač inkjetovou tlačiarňou diplomová práca

Saved in:
Bibliographic Details
Main Author: Blažek, Patrik
Format: Book
Language:Slovak
Published: Bratislava STU FCHPT 2018
Online Access:View in OPAC
Tags: Add Tag
No Tags, Be the first to tag this record!

MARC

LEADER 00000nam a2200000 a 4500
005 20260127134238.0
008 180814 2018 xo a 001 0 slo d
035 |a vtls011772307 
039 9 |y 201808141114  |z mschk03 
040 |a STUSCHK1  |b slo  |c STUSCHK1  |e AACR2 
100 1 |a Blažek, Patrik 
245 1 |a Príprava atramentov pre biotlač inkjetovou tlačiarňou  |b diplomová práca  |c Patrik Blažek 
260 |a Bratislava  |b STU FCHPT  |c 2018 
300 |a 96 s.  |b il.  |c 25 cm 
500 |a Študijný program: prírodné a syntetické materiály 
500 |a Študijný odbor: chemické technológie 
500 |a Školiace pracovisko: Oddelenie polygrafie a aplikovanej fotochémie 
500 |a Evid. číslo: FCHPT-13576-61085 
910 |a SCHK95 
999 |c 7729  |d 7729